| 000 | 00445cam a2200181ua 4500 | ||
|---|---|---|---|
| 020 | _cRs .10.00 | ||
| 041 |
_amal _h |
||
| 082 |
_a592.092 _bKRI/SA |
||
| 100 | _aKrishnapillai, N . | ||
| 245 | _aSamudra janthu vignanam | ||
| 260 |
_aThiruvananthapuram : _bState Instititute of Languages , _c1970. |
||
| 300 | _a308 ; . | ||
| 365 | _aRs .10.00 | ||
| 504 | _a | ||
| 650 | _aMarine zoology | ||
| 942 | _cBK | ||
| 999 |
_c1225 _d1225 |
||